000
00270nam a2200109Ia 4500
008
230907s9999||||xx |||||||||||||| ||und||
082
_a
621.31,ENE
245
0
_a
Energy systems and management /
260
_a
Springer
_b
New York
_c
2015
300
_a
x,324p.:
942
_c
BK
999
_c
597517
_d
597517